1208 1107 1812 1261 1863 1484 1256 1224 1932 1565 1110 1522 1008 1510 1999 1465 1403 1243 1162 1087 1203 1447 1072 1371 1343 1898 1708 1387 1769 1084 1345 1975 1120 1964 1722 1307 1621 1385 1426 1697 1692 1222 1014 1116 1507 1551 1749 1601 1743 1151 1614 1390 1213 1928 1531 1408 1219 1623 1240 1017 1940 1600 1093 1558 1764 1302 1169 1613 1467 1021 1165 1221 1059 1618 1584 1046 1203 1212 1847 1134 1481 1989 1128 1031 1141 1594 1482 1692 1660 1841 1946 1769 1534 1446 1752 1992 1016 1883 1582 BCNSPRNW ULIB Ver.6.0+V

เปลี่ยนเป็นภาษาไทย

Change to English
 แสดงรายละเอียดบรรณานุกรม
  กลับหน้าหลัก

Brief Record : Get Marc (ISO 2709) : E-mail record : QR code < ปิดหน้าต่าง
LEADER : 00000nam 2200000uu 4500
001    13399128584
003     ULIB
008    230912s2560||||th 000 0 tha d
020    ^a9786161818579
060 04 ^aWV258^bส753ร
100 0  ^aสุจิตรา ประสานสุข
245 10 ^aโรคน้ำในหูไม่เท่ากัน /^cสุจิตรา ประสานสุข
250    ^aพิมพ์ครั้งที่ 1
260    ^aกรุงเทพฯ :^bอัมรินทร์เฮลท์,^c2560.
300    ^a97 หน้า :^bภาพประกอบ ;^c21 ซม.
490 0  ^aชุดชีวิตและสุขภาพ ;^vลำดับที่ 78
650  4 ^aหู
650  4 ^aโรคน้ำในหูไม่เท่ากัน^xการรักษา
650  4 ^aโรคน้ำในหูไม่เท่ากัน^xการดูแลตนเอง
945    ^p160^l0^i29786
999    ^aกัณชพร จุลอักษร
รายการนี้ยังไม่มีแท็ก
คุณยังไม่ได้ล็อกอิน คุณสามารถมีกิจกรรมร่วมกับเว็บไซต์ได้ แต่ต้องล็อกอินก่อน ::
  ล็อกอิน

รายการสื่อสารสนเทศ

ลำดับที่ ประเภท เลขเรียก/บาร์โค้ด สถานที่ สถานะ
1. วิทยาศาสตร์การแพทย์ และสุขภาพ
วิทยาศาสตร์การแพทย์ และสุขภาพ
WV258 ส753ร ฉ.1 
  Barcode: 29786
ห้องสมุดวิทยาเขตนครสวรรค์
►หนังสือทั่วไป:l:General Books
บนชั้น

รายการใกล้เคียง
    ผู้แต่ง [สุจิตรา ประสานสุข]

    หัวเรื่อง [หู]

BibComment


ยังไม่เคยถูกคอมเมนท์

คอมเมนท์ทรัพยากรรายการนี้
  คอมเมนท์: โรคน้ำในหูไม่เท่..


 Copyright 2026. Bcnsprnw @Library